[Event "Ïåðâåíñòâî Ìîñêâû ïî øàõìàòàì 2015 ñðåäè"]
[Site "Moscow"]
[Date "2015.11.15"]
[Round "4.11"]
[White "×åðâîíåíêèñ, Áîðèñ."]
[Black "Öûìáàë, Åâãåíèé."]
[Result "1-0"]
[WhiteElo "1766"]
[BlackElo "1628"]
[PlyCount "93"]
[EventDate "2015.11.12"]

1. e4 c5 2. c3 d5 3. exd5 Qxd5 4. d4 e6 5. Nf3 Nf6 6. Na3 a6 7. Nc2 Be7 8. Be2
O-O 9. O-O Nc6 10. h3 b6 11. Be3 Bb7 12. dxc5 Bxc5 13. Qxd5 exd5 14. Rad1 h6
15. Ncd4 Bxd4 16. Nxd4 b5 17. Nxc6 Bxc6 18. Bd4 Ne4 19. Rfe1 Rfe8 20. Bd3 a5
21. f3 Nd6 22. Kf2 Nc4 23. Rxe8+ Rxe8 24. Rb1 b4 25. b3 Na3 26. Re1 Rxe1 27.
Kxe1 Nb5 28. Bxb5 Bxb5 29. cxb4 axb4 30. Bc5 Bd3 31. Bxb4 Bb1 32. Kd2 f5 33. a4
f4 34. Kc3 Kf7 35. Bd6 g5 36. Kd4 Bc2 37. a5 Bf5 38. b4 Bc8 39. Kxd5 Bb7+ 40.
Kc5 Ke6 41. Bf8 h5 42. Kb6 Ba8 43. Kc7 g4 44. hxg4 hxg4 45. fxg4 Bxg2 46. a6 f3
47. Bc5 1-0

[Event "Ïåðâåíñòâî Ìîñêâû ïî øàõìàòàì 2015 ñðåäè"]
[Site "Moscow"]
[Date "2015.11.15"]
[Round "4.12"]
[White "Ìàõëèí, Ìèðîí."]
[Black "Àõìåòøèí, Àëåêñàíäð."]
[Result "1-0"]
[WhiteElo "1726"]
[BlackElo "1617"]
[PlyCount "131"]
[EventDate "2015.11.12"]

1. d4 Nf6 2. c4 g6 3. Nf3 Bg7 4. g3 O-O 5. Bg2 d6 6. O-O Nc6 7. Nc3 a6 8. b3
Rb8 9. Bb2 b5 10. cxb5 axb5 11. Rc1 b4 12. Na4 Na5 13. Nd2 Ba6 14. Re1 Bb5 15.
Qc2 c6 16. Nc4 Bxc4 17. bxc4 b3 18. axb3 Nxb3 19. Bxc6 Nxc1 20. Rxc1 Qc8 21.
Bg2 Qd7 22. c5 dxc5 23. dxc5 Nh5 24. Nb6 Qb5 25. Bxg7 Kxg7 26. Nd5 e6 27. Qc3+
f6 28. Nc7 Qd7 29. Na6 Rbc8 30. c6 Qa7 31. Qc4 Qb6 32. Nc5 Kh8 33. Nd7 Qc7 34.
Nxf8 Rxf8 35. Qxe6 Ng7 36. Qd7 Rc8 37. Rd1 Qxd7 38. cxd7 Rd8 39. Bh3 f5 40. e4
Kg8 41. e5 Kf7 42. Bf1 Ke6 43. f4 Rxd7 44. Bc4+ Ke7 45. Rxd7+ Kxd7 46. Bg8 h6
47. h4 Ke7 48. Kf2 Ne6 49. Bxe6 Kxe6 50. Ke3 Kd5 51. Kd3 h5 52. Kc3 Kc5 53. Kb3
Kb5 54. Ka3 Kc5 55. Ka4 Kc6 56. Ka5 Kc5 57. e6 Kd6 58. Kb6 Kxe6 59. Kc6 Ke7 60.
Kc7 Ke6 61. Kd8 Kd6 62. Ke8 Ke6 63. Kf8 Kf6 64. Kg8 Ke6 65. Kg7 Ke7 66. Kxg6
1-0

[Event "Ïåðâåíñòâî Ìîñêâû ïî øàõìàòàì 2015 ñðåäè"]
[Site "Moscow"]
[Date "2015.11.15"]
[Round "4.13"]
[White "Ñàõèí, Ëåîíèä."]
[Black "Áåëèêîâ, Ñåìåí."]
[Result "0-1"]
[WhiteElo "1421"]
[BlackElo "1724"]
[PlyCount "94"]
[EventDate "2015.11.12"]

1. e4 e5 2. Nf3 Nc6 3. Bc4 Nf6 4. Ng5 d5 5. exd5 Nd4 6. c3 b5 7. cxd4 bxc4 8.
dxe5 Nxd5 9. Qa4+ Qd7 10. Qxc4 Nb4 11. O-O Ba6 12. Qe4 Qc6 13. Qxc6+ Nxc6 14.
Rd1 Nd4 15. Nc3 Nc2 16. Rb1 Bd3 17. Nd5 Nb4 18. Nxc7+ Kd7 19. Nxa8 Bxb1 20.
Nxf7 Rg8 21. a3 Nd3 22. Ng5 Be7 23. Ne4 Bc2 24. Rf1 Nxc1 25. Rxc1 Bxe4 26. Nc7
Rc8 27. f3 Bg6 28. e6+ Kd8 29. d4 Rxc7 30. Rd1 Bg5 31. Kf2 Rc1 32. Rxc1 Bxc1
33. g4 Bxb2 34. d5 Bxa3 35. f4 Be4 36. Ke3 Bxd5 37. f5 Bc5+ 38. Kd3 Ke7 39. g5
a5 40. h4 g6 41. fxg6 hxg6 42. Kc2 Kxe6 43. Kc3 a4 44. Kc2 a3 45. Kc1 a2 46.
Kb2 Bd4+ 47. Kc2 a1=Q 0-1

[Event "Ïåðâåíñòâî Ìîñêâû ïî øàõìàòàì 2015 ñðåäè"]
[Site "Moscow"]
[Date "2015.11.15"]
[Round "4.14"]
[White "Ëóêüÿíåíêî, Àðòåìèé."]
[Black "Òèøêèí, Áîðèñ."]
[Result "1-0"]
[WhiteElo "1711"]
[BlackElo "1390"]
[PlyCount "73"]
[EventDate "2015.11.12"]

1. Nf3 d5 2. d4 Bf5 3. e3 Nf6 4. b3 e6 5. Bb2 Nbd7 6. Bd3 Bxd3 7. Qxd3 Be7 8.
O-O O-O 9. Nbd2 c5 10. c4 Rc8 11. Qe2 Re8 12. Rfc1 Qa5 13. a3 a6 14. dxc5 Qxc5
15. Bd4 Qd6 16. b4 e5 17. c5 Qe6 18. Bb2 Ne4 19. Nxe4 dxe4 20. Nd2 f5 21. Qc4
Kf7 22. Qxe6+ Kxe6 23. Nc4 b6 24. cxb6 Kd5 25. Rd1+ Kxc4 26. Rxd7 Bf6 27. b7
Rcd8 28. Rc1+ Kb3 29. Rdc7 Rd2 30. Rc8 Red8 31. Bd4 exd4 32. b8=Q dxe3 33. Rxd8
exf2+ 34. Kf1 Bxd8 35. Qe5 Bf6 36. Qc5 Bd4 37. Qc4+ 1-0

[Event "Ïåðâåíñòâî Ìîñêâû ïî øàõìàòàì 2015 ñðåäè"]
[Site "Moscow"]
[Date "2015.11.15"]
[Round "4.15"]
[White "Ìèøóðèñ, Ìàòâåé."]
[Black "Êàëèòà, Äàíèèë."]
[Result "1-0"]
[WhiteElo "1693"]
[BlackElo "1448"]
[PlyCount "71"]
[EventDate "2015.11.12"]

1. c4 Nf6 2. Nc3 c6 3. g3 d5 4. cxd5 cxd5 5. d4 e6 6. Bg2 Bb4 7. Nf3 Nc6 8. O-O
O-O 9. a3 Bd6 10. b4 b6 11. Bb2 Bb7 12. Rc1 Rc8 13. Nb5 Bb8 14. Re1 Qe7 15. Nc3
Rfd8 16. e3 a6 17. Nd2 a5 18. b5 Na7 19. a4 Bd6 20. e4 dxe4 21. Ndxe4 Nxe4 22.
Nxe4 Bc5 23. Nxc5 Bxg2 24. Kxg2 bxc5 25. Rc4 Qd6 26. Qf3 cxd4 27. Rxd4 Qb6 28.
Ree4 Rxd4 29. Bxd4 Qc7 30. b6 Qd8 31. bxa7 Ra8 32. Be5 Qe8 33. Bb8 Rxb8 34.
axb8=Q Qxb8 35. Qd3 Qa8 36. Kg1 1-0

[Event "Ïåðâåíñòâî Ìîñêâû ïî øàõìàòàì 2015 ñðåäè"]
[Site "Moscow"]
[Date "2015.11.15"]
[Round "4.16"]
[White "Äóíàåâ, Äåíèñ."]
[Black "Ñîëîâüåâ, Âëàäèñëàâ."]
[Result "1/2-1/2"]
[WhiteElo "1594"]
[BlackElo "1692"]
[PlyCount "79"]
[EventDate "2015.11.12"]

1. d4 d5 2. Nf3 Nf6 3. e3 Bf5 4. c4 e6 5. Nc3 Be7 6. Qb3 b6 7. Be2 O-O 8. O-O
c5 9. dxc5 dxc4 10. Qxc4 Bxc5 11. Nh4 Nbd7 12. Nxf5 exf5 13. Qf4 g6 14. b4 Be7
15. Bb2 Re8 16. Rfd1 Rc8 17. Qd4 Bf8 18. Rac1 Bg7 19. Bb5 Ng4 20. Qd2 Qc7 21.
g3 Nde5 22. Qe2 Qb7 23. e4 fxe4 24. Ba6 Qa8 25. Bxc8 Rxc8 26. Nd5 Rxc1 27. Bxc1
Nd3 28. Ne7+ Kf8 29. Qxg4 Kxe7 30. Qe2 Kf8 31. f3 Nxc1 32. Rxc1 exf3 33. Qd3 a6
34. Re1 b5 35. Qd6+ Kg8 36. Qd7 Bf8 37. Re8 f2+ 38. Kxf2 Qh1 39. Qh3 Qb1 40.
Qc8 1/2-1/2

[Event "Ïåðâåíñòâî Ìîñêâû ïî øàõìàòàì 2015 ñðåäè"]
[Site "Moscow"]
[Date "2015.11.15"]
[Round "4.17"]
[White "Èâàíîâ-×åðíåö, Êèðèëë."]
[Black "Ëåâêèí, Ëåâ."]
[Result "0-1"]
[WhiteElo "1491"]
[BlackElo "1734"]
[PlyCount "120"]
[EventDate "2015.11.12"]

1. Nf3 Nf6 2. g3 g6 3. Bg2 Bg7 4. O-O O-O 5. d3 c5 6. e4 Nc6 7. Nc3 Qc7 8. Nh4
d6 9. f4 Ng4 10. h3 Bd4+ 11. Kh1 Nf2+ 12. Rxf2 Bxf2 13. Qf3 Bd4 14. Be3 Qb6 15.
Bc1 Bf6 16. Nd5 Qa5 17. Nxf6+ exf6 18. c3 Bd7 19. Qf1 Rae8 20. f5 g5 21. Nf3
Ne5 22. Nxe5 dxe5 23. h4 h6 24. Qf3 Kg7 25. hxg5 hxg5 26. Bh3 Rh8 27. Kg2 Rh7
28. Bxg5 Reh8 29. Bh4 Qb6 30. b3 Qd8 31. Qe3 Qa5 32. d4 Qa3 33. Qd2 cxd4 34.
cxd4 exd4 35. Qxd4 Qe7 36. e5 Bc6+ 37. Kf2 Qxe5 38. Qg4+ Kh6 39. Re1 Qc5+ 40.
Kf1 Bb5+ 41. Kg2 Qc2+ 42. Kg1 Qd2 43. Re4 Rc8 44. Qf4+ Qxf4 45. Rxf4 Kg7 46.
Rf2 Rc3 47. Kh2 Rh8 48. Rf4 Rc2+ 49. Kg1 Rd8 50. Rg4+ Kf8 51. Rf4 Rd1+ 52. Bf1
Rcc1 53. Kh2 Rxf1 54. Rd4 Rh1+ 55. Kg2 Rcf1 56. Rc4 Bxc4 57. bxc4 Kg7 58. g4
Rhg1+ 59. Kh2 Rxg4 60. Kh3 Rxc4 0-1

[Event "Ïåðâåíñòâî Ìîñêâû ïî øàõìàòàì 2015 ñðåäè"]
[Site "Moscow"]
[Date "2015.11.15"]
[Round "4.18"]
[White "Êàðàåâ, Àðòóð."]
[Black "Âäîâèí, Ãåîðãèé."]
[Result "0-1"]
[WhiteElo "1462"]
[BlackElo "1640"]
[PlyCount "80"]
[EventDate "2015.11.12"]

1. e4 d5 2. exd5 Nf6 3. d4 Nxd5 4. Nf3 g6 5. Bc4 Bg7 6. c3 O-O 7. O-O Nc6 8.
Bg5 Be6 9. Nbd2 Qd7 10. Bd3 Nf6 11. Ne4 Nxe4 12. Bxe4 Bd5 13. Bxd5 Qxd5 14. Re1
e6 15. Bf4 Rac8 16. Qd2 Rfe8 17. Re2 b6 18. Bh6 Rcd8 19. Bxg7 Kxg7 20. Ng5 h6
21. Nf3 e5 22. dxe5 Qxd2 23. Rxd2 Nxe5 24. Rad1 Nxf3+ 25. gxf3 Re1+ 26. Rxe1
Rxd2 27. Rb1 c5 28. a3 Rc2 29. Kg2 Kf6 30. f4 Kf5 31. Kf3 b5 32. h3 f6 33. Ke3
Ke6 34. h4 Kf5 35. Kf3 c4 36. Kg3 Ke4 37. Re1+ Kd3 38. Rb1 f5 39. Rd1+ Rd2 40.
Rb1 Kc2 0-1

[Event "Ïåðâåíñòâî Ìîñêâû ïî øàõìàòàì 2015 ñðåäè"]
[Site "Moscow"]
[Date "2015.11.15"]
[Round "4.19"]
[White "Äìèòðèåâ, Ëåîíèä."]
[Black "Êèðååâ, Èãîðü."]
[Result "1-0"]
[WhiteElo "1475"]
[BlackElo "1563"]
[PlyCount "117"]
[EventDate "2015.11.12"]

1. d4 Nf6 2. c4 g6 3. Nc3 Bg7 4. e4 d6 5. f3 O-O 6. Bd3 e5 7. d5 Nbd7 8. Be3
Nh5 9. g4 Nf4 10. Bxf4 exf4 11. h4 Nc5 12. Qd2 a5 13. Bc2 Qf6 14. Nge2 c6 15.
Qxf4 Qe7 16. Kf2 Nd7 17. Qe3 Ne5 18. Rag1 Nxc4 19. Qc1 Ne5 20. Nf4 Nc4 21. Nfe2
Bd7 22. Rd1 c5 23. h5 b5 24. Bd3 Nxb2 25. Qxb2 b4 26. Qd2 bxc3 27. Nxc3 Qf6 28.
Ne2 Bxg4 29. Nf4 Bd7 30. Ne2 gxh5 31. Rdg1 h4 32. Qg5 Qxg5 33. Rxg5 Kh8 34. Rh5
f5 35. R1xh4 h6 36. Nf4 Rf6 37. exf5 Rb8 38. Ne6 Bxe6 39. fxe6 Kg8 40. Re4 Rb2+
41. Re2 Rb8 42. e7 Kf7 43. Rh1 Re8 44. Rhe1 h5 45. Bb5 Rg6 46. Bxe8+ Kxe8 47.
Re4 Bd4+ 48. Ke2 Rg2+ 49. Kd3 Rxa2 50. Rb1 Rb2 51. Rh1 a4 52. Rxh5 a3 53. Rg5
Rb3+ 54. Kc2 Rc3+ 55. Kd2 Be3+ 56. Rxe3 Rxe3 57. Kxe3 Kxe7 58. Rg1 Kf6 59. f4
1-0

[Event "Ïåðâåíñòâî Ìîñêâû ïî øàõìàòàì 2015 ñðåäè"]
[Site "Moscow"]
[Date "2015.11.15"]
[Round "4.20"]
[White "Ãåðàñèìîâ, Âàäèì."]
[Black "Êàçàêîâ, Ãëåá."]
[Result "1-0"]
[WhiteElo "1299"]
[BlackElo "1522"]
[PlyCount "97"]
[EventDate "2015.11.12"]

1. e4 c5 2. Nf3 Nc6 3. d4 cxd4 4. Nxd4 g6 5. Nc3 Bg7 6. Be3 Nf6 7. Bc4 O-O 8.
Bb3 d6 9. f3 Bd7 10. Qd2 Na5 11. O-O-O Rb8 12. h4 b5 13. h5 Nxh5 14. Bh6 Bxh6
15. Qxh6 e5 16. Nde2 Nxb3+ 17. axb3 Be6 18. g4 Nf6 19. g5 Nh5 20. Ng3 f6 21.
Nxh5 gxh5 22. Rxh5 Rf7 23. g6 Rg7 24. gxh7+ Kh8 25. Qd2 Rb6 26. Kb1 Qd7 27.
Rdh1 Rb7 28. Nd5 Qf7 29. Ne3 Qd7 30. Rh6 Qe7 31. Nd5 Bxd5 32. Qxd5 b4 33. Qc6
Rb8 34. Rd1 Rd8 35. Rdh1 Rb8 36. Qd5 Rb7 37. Qd1 Rc7 38. Qe1 d5 39. exd5 Qd6
40. Qe4 Rcf7 41. Qf5 a5 42. Qe4 Rc7 43. f4 Rce7 44. Qf5 Ref7 45. fxe5 Qxe5 46.
Qc8+ Qe8 47. Qxe8+ Rf8 48. Qxf8+ Rg8 49. Qxg8# 1-0

[Event "Ïåðâåíñòâî Ìîñêâû ïî øàõìàòàì 2015 ñðåäè"]
[Site "Moscow"]
[Date "2015.11.15"]
[Round "4.22"]
[White "Ìàêñèìåíêî, Àðñåíèé."]
[Black "Ìèíüêî, Äìèòðèé."]
[Result "1-0"]
[WhiteElo "1451"]
[BlackElo "1903"]
[PlyCount "117"]
[EventDate "2015.11.12"]

1. e4 e5 2. Nf3 Nc6 3. Bc4 Nf6 4. d3 h6 5. c3 g6 6. O-O Bg7 7. Be3 O-O 8. h3 d5
9. exd5 Nxd5 10. Qe2 Kh7 11. Nh2 f5 12. Bxd5 Qxd5 13. f4 b6 14. fxe5 Nxe5 15.
d4 Nf7 16. Qf3 Qxf3 17. Nxf3 g5 18. Nbd2 f4 19. Bf2 Bf5 20. Rfe1 Rfe8 21. Rad1
Nd6 22. Ne5 Re6 23. Ndc4 Nxc4 24. Nxc4 Rae8 25. Rxe6 Rxe6 26. Nd2 Re2 27. Nc4
b5 28. Rd2 Rxf2 29. Kxf2 bxc4 30. Re2 Bf6 31. Re8 h5 32. Ra8 g4 33. hxg4 Bh4+
34. Kf3 Bxg4+ 35. Kxf4 Be7 36. Rxa7 Kg6 37. Ke3 Bd6 38. a4 Kf5 39. Ra5+ Kf6 40.
Ra8 Ke6 41. a5 Kd5 42. Rb8 c5 43. Rb5 Kc6 44. a6 Bc8 45. a7 Bb7 46. Ra5 Ba8 47.
Ra6+ Kc7 48. d5 Bh2 49. Rh6 Bd6 50. Rxh5 Kb7 51. Rh7+ Kb6 52. Ke4 Bg3 53. Rg7
Bc7 54. g4 Bb7 55. g5 Bg3 56. Rxb7+ Kxb7 57. g6 Be5 58. Kxe5 Kxa7 59. g7 1-0

[Event "Ïåðâåíñòâî Ìîñêâû ïî øàõìàòàì 2015 ñðåäè"]
[Site "Moscow"]
[Date "2015.11.15"]
[Round "4.23"]
[White "Àðáóçîâ, Òèìîôåé."]
[Black "Ïëàêñèí, Èãîðü."]
[Result "0-1"]
[WhiteElo "1701"]
[BlackElo "1516"]
[PlyCount "94"]
[EventDate "2015.11.12"]

1. d4 d5 2. g3 Nf6 3. Bg2 e6 4. Nf3 c5 5. c4 Be7 6. O-O O-O 7. Nc3 Nc6 8. a3
Na5 9. cxd5 exd5 10. dxc5 Be6 11. Qd3 h6 12. Be3 Nb3 13. Rad1 Nxc5 14. Bxc5
Bxc5 15. Ne1 Qe7 16. Nc2 Rfd8 17. h3 Rac8 18. e3 a6 19. Rd2 d4 20. exd4 Bxd4
21. Nxd4 Bc4 22. Qc2 Bxf1 23. Bxf1 Qc5 24. Nf3 Nd5 25. Qb3 Nxc3 26. Rxd8+ Rxd8
27. bxc3 b5 28. Kg2 Rc8 29. Qd1 Qxa3 30. Qd5 Qc5 31. Qb7 Qc6 32. Qe7 Qc7 33.
Qa3 Qxc3 34. Qxa6 b4 35. Nd4 Rd8 36. Nb5 Qc2 37. Qa5 Qe4+ 38. Kg1 Rd2 39. Qc7
b3 40. Qb8+ Kh7 41. Nc3 Qf3 42. Qf4 Qxc3 43. Qf5+ Kg8 44. Qb5 Qf3 45. Qe8+ Kh7
46. Qe1 Rd1 47. Qe5 Qd3 0-1

[Event "Ïåðâåíñòâî Ìîñêâû ïî øàõìàòàì 2015 ñðåäè"]
[Site "Moscow"]
[Date "2015.11.15"]
[Round "4.24"]
[White "Ïàâëîâ, Èâàí."]
[Black "Àáäóðàèìîâ, Ýñìåò."]
[Result "0-1"]
[WhiteElo "1394"]
[BlackElo "1688"]
[PlyCount "84"]
[EventDate "2015.11.12"]

1. e4 e5 2. Nf3 d6 3. d4 Nd7 4. Be2 exd4 5. Nxd4 Ngf6 6. Nc3 Nc5 7. Bd3 Be7 8.
O-O O-O 9. Be3 Re8 10. Re1 a6 11. h3 Bf8 12. Qf3 c6 13. Rad1 Qc7 14. Nf5 Bxf5
15. Qxf5 Re5 16. Qf3 Nxd3 17. cxd3 Nd7 18. d4 Re7 19. Qg3 Re6 20. f4 Nf6 21. e5
dxe5 22. dxe5 Nd7 23. f5 Rxe5 24. Rxd7 Qxd7 25. Qxe5 Re8 26. Qf4 Bd6 27. Qf3
Re5 28. Rd1 Qe7 29. Rxd6 Qxd6 30. Bf4 Qc5+ 31. Kh2 Rxf5 32. g4 Rf6 33. Ne4 Qc2+
34. Kg3 Re6 35. Nd6 Qxb2 36. Nxf7 Qf6 37. Ne5 g5 38. Nd3 gxf4+ 39. Nxf4 Qe5 40.
Kh4 Qe1+ 41. Kh5 Re5+ 42. Kh6 Qh4+ 0-1

[Event "Ïåðâåíñòâî Ìîñêâû ïî øàõìàòàì 2015 ñðåäè"]
[Site "Moscow"]
[Date "2015.11.15"]
[Round "4.25"]
[White "Êàðëîâ, Åãîð."]
[Black "Àãàáåêîâ, Ñàâåëèé."]
[Result "0-1"]
[WhiteElo "1681"]
[BlackElo "1502"]
[PlyCount "60"]
[EventDate "2015.11.12"]

1. e4 c6 2. d4 d5 3. e5 Bf5 4. Nc3 e6 5. g4 Bg6 6. Nge2 c5 7. h4 h6 8. h5 Bh7
9. Rh3 Nc6 10. Be3 cxd4 11. Bxd4 Bb4 12. a3 Ba5 13. Qd2 Nge7 14. f4 Rc8 15. Bf2
Qc7 16. Nd4 a6 17. Be2 Nxd4 18. Bxd4 Nc6 19. Bf2 d4 20. Bxd4 Rd8 21. Bf3 Nxd4
22. Qe2 Bxc3+ 23. bxc3 Nxe2 24. Bxe2 O-O 25. Rc1 Be4 26. Re3 Bd5 27. Kf2 Bc4
28. Bxc4 Qxc4 29. Kf3 Qc6+ 30. Kf2 Rd2+ 0-1

[Event "Ïåðâåíñòâî Ìîñêâû ïî øàõìàòàì 2015 ñðåäè"]
[Site "Moscow"]
[Date "2015.11.15"]
[Round "4.26"]
[White "×èêîâàíè, Äàâèä."]
[Black "Ôåéçóëëèí, Äàíèÿð."]
[Result "1-0"]
[WhiteElo "1642"]
[BlackElo "1419"]
[PlyCount "87"]
[EventDate "2015.11.12"]

1. e4 c5 2. Nf3 e6 3. d4 cxd4 4. Nxd4 Nf6 5. Bd3 Nc6 6. Be3 Be7 7. O-O d5 8.
Nxc6 bxc6 9. exd5 cxd5 10. Nc3 O-O 11. Bd4 Bd7 12. Kh1 Qb8 13. Rb1 e5 14. Nxd5
Nxd5 15. Qh5 f5 16. Bc4 Be6 17. Rfe1 Bd6 18. Rbd1 Rf6 19. Bxe5 Bxe5 20. Bxd5
Bxd5 21. Rxd5 Rh6 22. Qxf5 Bxh2 23. Rd7 Bg3+ 24. Kg1 Bxf2+ 25. Kxf2 Rf6 26.
Rxg7+ Kxg7 27. Re7+ Kg8 28. Qxf6 Qf8 29. Qxf8+ Rxf8+ 30. Ke2 Rc8 31. c3 a5 32.
Ra7 Re8+ 33. Kf2 Re5 34. b4 axb4 35. cxb4 Rd5 36. a4 h5 37. b5 h4 38. b6 Rd2+
39. Kg1 Rb2 40. b7 h3 41. gxh3 Rb1+ 42. Kg2 Rb2+ 43. Kf1 Rxb7 44. Rxb7 1-0

[Event "Ïåðâåíñòâî Ìîñêâû ïî øàõìàòàì 2015 ñðåäè"]
[Site "Moscow"]
[Date "2015.11.15"]
[Round "4.27"]
[White "Ìîðîçîâ, Ôåäîð."]
[Black "Ñìåëûõ, Ýäâèí."]
[Result "0-1"]
[WhiteElo "1574"]
[BlackElo "1381"]
[PlyCount "70"]
[EventDate "2015.11.12"]

1. e4 c5 2. c3 d5 3. e5 Nc6 4. d4 Qb6 5. Nf3 Bg4 6. Be2 e6 7. Nbd2 cxd4 8. cxd4
Bb4 9. O-O Bxd2 10. Bxd2 Bxf3 11. Bxf3 Qxd4 12. Qb3 Qb6 13. Qc3 Nge7 14. Rfe1
O-O 15. Be3 d4 16. Bxc6 Nxc6 17. Bxd4 Qxd4 18. Qb3 Qb4 19. Qc2 Rac8 20. Qb1 Nd4
21. a3 Qb6 22. Ra2 Rc2 23. Kf1 Rfc8 24. b4 Rxa2 25. Qxa2 Rc2 26. Qb1 Qb5+ 27.
Kg1 Qc4 28. Kh1 h6 29. f3 Qa2 30. Qxa2 Rxa2 31. h3 Rxa3 32. Rd1 Nc6 33. b5 Nxe5
34. Rd8+ Kh7 35. Rb8 b6 0-1

[Event "Ïåðâåíñòâî Ìîñêâû ïî øàõìàòàì 2015 ñðåäè"]
[Site "Moscow"]
[Date "2015.11.15"]
[Round "4.28"]
[White "Òðîôèìîâ, Áîðèñ."]
[Black "Èâàíîâ, Ñòåïàí."]
[Result "1/2-1/2"]
[WhiteElo "1560"]
[BlackElo "1381"]
[PlyCount "72"]
[EventDate "2015.11.12"]

1. e4 e6 2. d4 d5 3. exd5 exd5 4. Bd3 Nc6 5. c3 Nf6 6. Nf3 Bg4 7. O-O Be7 8.
Bf4 O-O 9. Nbd2 Re8 10. Qb3 Na5 11. Qc2 b6 12. Ne5 Be6 13. b4 Nb7 14. Nc6 Qd7
15. b5 h6 16. Nf3 Bd6 17. Nfe5 Bxe5 18. Bxe5 Nd8 19. Nxd8 Qxd8 20. f4 Ng4 21.
f5 Bd7 22. Rae1 Nxe5 23. dxe5 Qg5 24. Qf2 c5 25. bxc6 Bxc6 26. Qf4 Qxf4 27.
Rxf4 Rac8 28. c4 Rcd8 29. Re2 dxc4 30. Bxc4 b5 31. Bb3 Bd5 32. Re3 Bxb3 33.
axb3 g6 34. fxg6 fxg6 35. Rf6 Kg7 36. Rg3 g5 1/2-1/2

[Event "Ïåðâåíñòâî Ìîñêâû ïî øàõìàòàì 2015 ñðåäè"]
[Site "Moscow"]
[Date "2015.11.15"]
[Round "4.29"]
[White "Ëóòàí, Ãëåá."]
[Black "Çàéöåâ, Þðèé."]
[Result "0-1"]
[WhiteElo "1320"]
[BlackElo "1554"]
[PlyCount "90"]
[EventDate "2015.11.12"]

1. d4 Nf6 2. c4 g6 3. Nc3 Bg7 4. e4 d6 5. Nf3 O-O 6. h3 Nbd7 7. Bd3 e5 8. d5
Nc5 9. Bc2 a5 10. Be3 Nfd7 11. Na4 b6 12. Nxc5 bxc5 13. O-O f5 14. exf5 gxf5
15. Bg5 Qe8 16. Qb1 e4 17. Nh2 Rb8 18. Bc1 Ne5 19. a4 Nxc4 20. Ra2 Bb7 21. Rd1
Qe5 22. f4 Qe7 23. Bb3 Ba6 24. Qc2 Nb6 25. Ra3 Bd4+ 26. Kh1 e3 27. Bxe3 Bxe3
28. Re1 c4 29. Ba2 Nxd5 30. Bxc4 Bxc4 31. Qxc4 Qf7 32. Rd3 Nxf4 33. Qxf7+ Rxf7
34. Rdxe3 Rxb2 35. Rg1 Ra2 36. Rf3 Ng6 37. Rgf1 Rxa4 38. Rxf5 Rxf5 39. Rxf5
Ra1+ 40. Nf1 a4 41. Kg1 a3 42. Rf2 a2 43. Rc2 Ne5 44. Kf2 Rxf1+ 45. Kxf1 a1=Q+
0-1

[Event "Ïåðâåíñòâî Ìîñêâû ïî øàõìàòàì 2015 ñðåäè"]
[Site "Moscow"]
[Date "2015.11.15"]
[Round "4.30"]
[White "Æåðäåâ, Ñâÿòîñëàâ."]
[Black "Æóê, Êèðèëë."]
[Result "1-0"]
[WhiteElo "1519"]
[BlackElo "1351"]
[PlyCount "135"]
[EventDate "2015.11.12"]

1. e4 e5 2. Nf3 Nc6 3. Bb5 Nf6 4. O-O Nxe4 5. d4 Nd6 6. dxe5 Nxb5 7. a4 Nbd4 8.
Nxd4 Be7 9. Re1 O-O 10. Nc3 Nxd4 11. Qxd4 h6 12. Qg4 Kh7 13. Be3 a6 14. Qf3 c6
15. Rad1 d5 16. Ne2 Be6 17. Nd4 Qd7 18. Qg3 Bg4 19. Rd3 Bf5 20. Nxf5 Qxf5 21.
Bd4 Qg5 22. Qh3 Qh4 23. Qe3 Bg5 24. Qf3 Qf4 25. Qxf4 Bxf4 26. Rf3 Bg5 27. Bc5
Rfe8 28. Rxf7 b6 29. Be3 Be7 30. f4 Kg6 31. e6 Bf6 32. Bc1 c5 33. Rd7 d4 34. b3
Re7 35. Rxe7 Bxe7 36. g4 Re8 37. f5+ Kh7 38. Kg2 Rc8 39. Ba3 Rd8 40. Rd1 Kg8
41. Kf3 Kf8 42. h3 Ke8 43. Ke4 a5 44. Kf3 Bf6 45. Ke4 Be7 46. Bc1 Bf6 47. Kd3
Rd6 48. Bf4 Rc6 49. Kc4 Rc8 50. Re1 Ke7 51. Kb5 c4 52. Kxb6 cxb3 53. cxb3 Rc3
54. Kxa5 Rxb3 55. Be5 Bxe5 56. Rxe5 Rxh3 57. Rd5 d3 58. Ka6 Rg3 59. a5 Rxg4 60.
Rxd3 Rf4 61. Rd5 h5 62. Kb6 Rh4 63. Rb5 Ra4 64. a6 h4 65. Rb3 Kf6 66. a7 Kxf5
67. e7 Re4 68. a8=Q 1-0

[Event "Ïåðâåíñòâî Ìîñêâû ïî øàõìàòàì 2015 ñðåäè"]
[Site "Moscow"]
[Date "2015.11.15"]
[Round "4.33"]
[White "Øèÿôåòäèíîâ, Äàíèèë."]
[Black "Ãîðíîñòàåâ, ßêîâ."]
[Result "1/2-1/2"]
[WhiteElo "1334"]
[BlackElo "1452"]
[PlyCount "55"]
[EventDate "2015.11.12"]

1. d4 Nf6 2. c4 d6 3. Nc3 c6 4. Nf3 g6 5. Bf4 Bg7 6. e3 O-O 7. Be2 Nbd7 8. O-O
Nb6 9. Rc1 Bf5 10. Qd2 Bg4 11. b3 Re8 12. Rfd1 Qc7 13. c5 Nbd7 14. cxd6 exd6
15. Nb5 Qb6 16. Nxd6 Ne4 17. Nxe4 Rxe4 18. Ng5 Bxe2 19. Qxe2 Rae8 20. Qc4 Qd8
21. Nxf7 Qe7 22. Nd6+ Kh8 23. Nxe8 Qxe8 24. Qe2 Qf7 25. Qc4 Qe7 26. d5 cxd5 27.
Qxd5 Nf6 28. Qd6 {äàëåå íå ðàçáîð~~èâî} 1/2-1/2

[Event "Ïåðâåíñòâî Ìîñêâû ïî øàõìàòàì 2015 ñðåäè"]
[Site "Moscow"]
[Date "2015.11.15"]
[Round "4.34"]
[White "Íèêóëüøèí, Àëåêñåé."]
[Black "Áîãåð, Þðèé."]
[Result "0-1"]
[WhiteElo "1440"]
[BlackElo "1321"]
[PlyCount "60"]
[EventDate "2015.11.12"]

1. e4 g6 2. d4 Bg7 3. Nc3 d6 4. f4 Nf6 5. Nf3 O-O 6. Bd3 e6 7. O-O c5 8. Be3
Ng4 9. Qe2 Nxe3 10. Qxe3 cxd4 11. Nxd4 Qb6 12. e5 dxe5 13. fxe5 Nc6 14. Nce2
Bxe5 15. c3 Nxd4 16. Nxd4 Bxd4 17. Qxd4 Qxd4+ 18. cxd4 Rd8 19. Rf4 e5 20. Re4
Rxd4 21. Rxd4 exd4 22. Rd1 Bg4 23. Rd2 Rd8 24. Be4 b6 25. Kf2 Be6 26. Kg3 Bxa2
27. Kf4 Kg7 28. Bc2 Bc4 29. b3 d3 30. Bb1 Bxb3 0-1

[Event "Ïåðâåíñòâî Ìîñêâû ïî øàõìàòàì 2015 ñðåäè"]
[Site "Moscow"]
[Date "2015.11.15"]
[Round "4.35"]
[White "Ïåòóõîâ, Íèêèòà."]
[Black "Èëüþøèí, Òèìîôåé."]
[Result "0-1"]
[WhiteElo "1246"]
[BlackElo "1336"]
[PlyCount "74"]
[EventDate "2015.11.12"]

1. d4 e6 2. c4 f5 3. Nf3 Nf6 4. Nc3 Bb4 5. Bg5 Bxc3+ 6. bxc3 O-O 7. g3 d6 8.
Bg2 Nbd7 9. O-O c5 10. Nd2 Rb8 11. e4 Qa5 12. Qc2 Re8 13. exf5 exf5 14. Bf4 Qb6
15. Rab1 Qa6 16. Qd3 Ra8 17. Rb5 cxd4 18. cxd4 Kh8 19. Rfb1 Ne4 20. Nxe4 fxe4
21. Bxe4 Nf6 22. Bxb7 Bxb7 23. Rxb7 Qxa2 24. Bxd6 Re2 25. Rb8+ Rxb8 26. Rxb8+
Ng8 27. Qf3 Re1+ 28. Kg2 Qxc4 29. Kh3 Qe6+ 30. Qg4 Qxd6 31. Qc8 Qe6+ 32. Qxe6
Rxe6 33. d5 Rd6 34. Rb5 h6 35. Ra5 a6 36. Kg4 Nf6+ 37. Kf4 Nxd5+ 0-1

[Event "Ïåðâåíñòâî Ìîñêâû ïî øàõìàòàì 2015 ñðåäè"]
[Site "Moscow"]
[Date "2015.11.15"]
[Round "4.37"]
[White "Èâàíîâ, Åãîð."]
[Black "Ãóáàíîâ, Òèìîôåé."]
[Result "1-0"]
[WhiteElo "1348"]
[BlackElo "1418"]
[PlyCount "115"]
[EventDate "2015.11.12"]

1. d4 d5 2. Nf3 Nf6 3. Bf4 c6 4. e3 Bf5 5. c3 Nbd7 6. Nbd2 h6 7. Be2 Nh5 8. Bg3
Nxg3 9. hxg3 e6 10. Nb3 Bd6 11. Bd3 Bxd3 12. Qxd3 Nf6 13. O-O-O Ne4 14. Qc2 a5
15. Rhf1 a4 16. Nbd2 Nxd2 17. Nxd2 b5 18. f4 f5 19. g4 g6 20. Nf3 Ra7 21. Ne5
Bxe5 22. fxe5 Qg5 23. Qe2 h5 24. gxf5 gxf5 25. a3 Rg7 26. Rf2 Qg4 27. Rdf1 Rhg8
28. Rg1 Qxe2 29. Rxe2 h4 30. Rh1 Rh7 31. Kd2 Kf7 32. Rf2 Kg6 33. Ke2 Kh5 34.
Kf1 Rg3 35. Rh3 Rhg7 36. Rxg3 Rxg3 37. Rf3 Rxf3+ 38. gxf3 h3 39. Kg1 Kg5 40.
Kh1 f4 41. exf4+ Kxf4 42. Kh2 Kxf3 43. Kxh3 b4 44. Kh4 bxc3 45. bxc3 Kf4 46.
Kh5 Ke3 47. Kg6 Kd3 48. Kf6 Kxc3 49. Kxe6 Kb3 50. Kd6 Kxa3 51. e6 Kb2 52. e7 a3
53. e8=Q a2 54. Qe2+ Kb1 55. Qd1+ Kb2 56. Kxc6 a1=Q 57. Qxa1+ Kxa1 58. Kxd5 1-0

[Event "Ïåðâåíñòâî Ìîñêâû ïî øàõìàòàì 2015 ñðåäè"]
[Site "Moscow"]
[Date "2015.11.16"]
[Round "5.1"]
[White "Òàðàñîâ, Äàíèëà."]
[Black "Ìàêàðÿí, Ðóäèê."]
[Result "1-0"]
[WhiteElo "1893"]
[BlackElo "1988"]
[PlyCount "47"]
[EventDate "2015.11.12"]

1. e4 e6 2. d4 d5 3. Nc3 Bb4 4. e5 Ne7 5. Nf3 b6 6. a3 Bxc3+ 7. bxc3 Ba6 8.
Bxa6 Nxa6 9. Qe2 Nb8 10. O-O O-O 11. Bd2 Nbc6 12. Ne1 Na5 13. Nd3 Rc8 14. Nf4
c5 15. Qd3 Qd7 16. Nh5 Qa4 17. Bg5 Ng6 18. Nxg7 cxd4 19. Qh3 Nxe5 20. Bf6 Nd7
21. Nf5 Rfd8 22. Qg4+ Kf8 23. Qg7+ Ke8 24. Nd6# 1-0

[Event "Ïåðâåíñòâî Ìîñêâû ïî øàõìàòàì 2015 ñðåäè"]
[Site "Moscow"]
[Date "2015.11.16"]
[Round "5.2"]
[White "Ðóñòàìîâ, Ñåçãèí."]
[Black "Ñòóêàí, Ìàðòèí."]
[Result "1-0"]
[WhiteElo "1351"]
[BlackElo "1910"]
[PlyCount "39"]
[EventDate "2015.11.12"]

1. e4 e5 2. Nf3 Nc6 3. Bb5 a6 4. Ba4 Nf6 5. d3 b5 6. Bb3 Be7 7. O-O d6 8. a4 b4
9. c3 Rb8 10. a5 O-O 11. Nbd2 h6 12. Re1 Re8 13. Nc4 bxc3 14. bxc3 Bf8 15. Qc2
Bb7 16. g3 Nd7 17. Nh4 Nc5 18. Ba2 Qf6 19. Ne3 Nd7 20. Ng4 1-0